header

Close up at a distance (Record no. 163621)

MARC details
000 -LEADER
fixed length control field 01302nam a2200337 a 4500
082 04 - DEWEY DECIMAL CLASSIFICATION NUMBER
Classification number 526
100 1# - MAIN ENTRY--AUTHOR NAME
Personal name Kurgan, Laura.
245 10 - TITLE STATEMENT
Title Close up at a distance
260 ## - PUBLICATION, DISTRIBUTION, ETC. (IMPRINT)
Place of publication Brooklyn, N.Y. :
Name of publisher Zone Books,
Year of publication 2013.
300 ## - PHYSICAL DESCRIPTION
Number of Pages 228 p. :
Other physical details ill., maps.
650 #0 - SUBJECT ADDED ENTRY--TOPICAL TERM
Topical Term Satellite image maps.
Topical Term Remote-sensing images
Topical Term Global positioning system
Topical Term Aerial photography.
856 40 - ELECTRONIC LOCATION AND ACCESS
Uniform Resource Identifier http://site.ebrary.com/lib/rucke/Doc?id=10672789

No items available.

© 2026 Rongo University
Contact us: librarian | system librarian | Rongo university